| 000 | 00649nam a2200205 a 4500 | ||
|---|---|---|---|
| 005 | 20251001063848.0 | ||
| 008 | 070815s2005 ag r 000 0 spa d | ||
| 020 | _a9501288056 | ||
| 035 | _aUPN01000150897 | ||
| 049 | _aCG | ||
| 050 | 4 |
_aRC520.7 _aS2.3 |
|
| 245 | 1 | 3 |
_aEl saber delirante / _cJacques-Alain Miller ... [et al.]. |
| 260 |
_aBuenos Aires : _bInstituto Clínico de Buenos Aires : _bPaidós, _c2005. |
||
| 300 | _a196 p. | ||
| 440 | 0 |
_aBiblioteca del Instituto Clínico de Buenos Aires ; _v5 |
|
| 650 | 2 |
_aDelirio _98289 |
|
| 650 | 4 |
_aPsicoanálisis _91572 |
|
| 700 | 1 |
_aMiller, Jacques-Alain, _d1944- _ecoaut. _929668 |
|
| 905 | _aLibro | ||
| 999 |
_c123037 _d123037 |
||